00551nam a2200181 i 450000100060000000300090000600500170001500700030003200800410003502000180007610000320009424501030012625000240022926000300025330000220028370000310030585200330033664481ES-MaACL20230906165135.0t|031224s1980 sp ||||1| spa d a84-7105-114-11 aFonseca Rodríguez, Julio.10aTeoría de la contabilidad / cJulio Fonseca Rodríguez ; prólogo de Ricardo Pedreira Pérez. a2ª ed. rev. y amp. aMadrid : bMayfe, c1980. a611 p. ; c22 cm.1 aPedreira Pérez, Ricardo. aES-MaACLjL-10526 bR.111470